000 00907nas a2200301 4500
001 BR9702048
003 BR-BrBNA
005 20231205100147.0
007 ta
008 230509b bl.|||p| |||| 00| 00por d
040 _aBR-BrBNA
_bpor
_cBiblioteca Nacional de Agricultura
041 _a(Pt)
072 _aF01
100 1 _aOliveira, V.R.
100 1 _aCampos, J.P. de
100 1 _aFontes, P.C.R.
100 1 _aReis, F.P.
245 1 _aEfeito do numero de hastes por planta e poda apical na producao classificada de frutos de tomateiro (Lycopersicon esculentum Mill.)
650 _aTomate
650 _aCaule
650 _aPoda
650 _aProducao
650 _aCusto de Producao
650 _aMinas Gerais
773 0 _tCiencia e Pratica (Brazil)
_xISSN 0100-3267
_g(Oct-Dec 1995), v. 19(4) p. 414-419
_wBR9702048
909 _a202311
_bLúcia
_c55
_dLúcia Elande
942 _2AGRIS
_n0
_cANA
999 _c154549
_d154549